00450nam a22001457a 4500003000500000038001500005082001200020100002000032245009800052260003700150300003400187500001500221650003900236700002900275NUST aMr. Zahoor a620.005 aRaza, Syed Asim aAnalysis of Smart City Frameworks and Implementation Prospects for Pakistan /cSyed Asim Raza aIslamabad :bCEME - NUST,c2016. axxiii, 129 p. : ill. ;c30cm. aHardcover. aEngineering Management - MS Thesis aDr. Muhammad Tahir Nawaz